YouTube - skąd pochodzą... - Statystyki

Ogólne statystyki
  • Ten quiz został rozwiązany 109 razy
  • Średni wynik to 9 z 26
Statystyki odpowiedzi
Kto: Skąd: % Poprawnych
Kolega Ignacy Warszawa
98%
MaturaToBzdura.TV Gdańsk
87%
Duży w Maluchu Kraków
85%
Vertez Wrocław
84%
Naruciak Poznań
78%
Ravgor Katowice
69%
Maxineczka Łódź
67%
MówPoLucku Szczecin
65%
5 Sposobów na... Zielona Góra
55%
Mocny Vlog Kielce
47%
IsAmU Środa Wielkopolska
40%
Mateusz MKRR Krzesiński Częstochowa
32%
Cezik Gliwice
29%
reZigiusz Wodzisław Śląski
22%
Husiek Tarnów
18%
Red Lipstick Monster Elbląg
17%
Niklaus Pieron Bytom
16%
Mówiąc Inaczej Zamość
5%
AdBuster Swarzędz
4%
TheChwytak Cieszyn
3%
Wojtek Szumański Chrzanów
2%
Nanami Chan Kościan
2%
Bonkol Radzionków
1%
Kocham Gotować Tarnowskie Góry
1%
Weronika Truszczyńska Lubawa
0%
7 metrów pod ziemią Starachowice
0%
Nie znaleziono quizów pasujących do podanych kryteriów
Rozkład punktacji
Procent ludzi z każdym wynikiem
Percentyl według liczby udzielonych odpowiedzi
Twoja historia wyników
Nie rozwiązałeś tego quizu